000 00729cam a2200265 i 4500
001 vtls001453437
003 VRT
005 20260410144056.0
008 130418s2013 ch 000 1 chi d
020 _a9789573329831 (平裝) :
_cNT$250
040 _aTKU
_bchi
_cTKU
041 1 _achi
_hjpn
042 _anbic
082 _a861.57
090 _a861.57
100 1 _a東野圭吾,
_d1958-,
_e
245 1 0 _a假面山莊殺人事件 /
_c東野圭吾著 ; 王蘊潔譯
250 _a初版
260 _a臺北市 :
_b皇冠文化出版公司,
_c2013.05
300 _a251面 ;
_c21公分
700 1 _a王蘊潔,
_e
830 0 _a東野圭吾作品集 ;
_v16.
830 0 _a皇冠叢書 ;
_v4302.
942 _2ccl
_cBOOK
999 _c7707
_d7707